Statistiques concernant Pays dans un anneau vierge de la carte du monde

Cliquez ici pour prendre le quiz!

Statistiques générales

  • Ce quiz a été pris 15 315 fois
  • Le résultat moyen est 18 sur 27

Réponses sur la Carte

Les réponses sont colorées sur une échelle allant du rouge au vert en fonction du pourcentage des utilisateurs qui les ont devinées à leur premier essai. Vous pouvez retrouver ces pourcentages ci-dessous.
 

Statistiques - réponses

Pays% Correct
Chine
95%
Inde
92%
Australie
89%
Indonésie
80%
Arabie Saoudite
75%
Pakistan
75%
Népal
73%
Yémen
71%
Oman
70%
Somalie
70%
Éthiopie
68%
Madagascar
67%
Philippines
67%
Bhoutan
66%
Iran
66%
Bangladesh
65%
Kenya
65%
Viêt Nam
64%
Tanzanie
63%
Birmanie
62%
Émirats arabes unis
62%
Mozambique
58%
Djibouti
54%
Érythrée
53%
Île Maurice
47%
Comores
46%
Timor oriental
37%

Distribution des résultats

Percentile par nombre de réponses

% des personnes avec chaque résultat

Votre développement - résultats

Vous n’avez pas pris ce quiz